NFL Passing Yards Leaders Since 1980 - Statistics

General Stats
  • This quiz has been taken 970 times
  • The average score is 27 of 37
Answer Stats
Year Team Quarterback % Correct
2016 NOR Drew Brees
99%
2015 NOR Drew Brees
99%
2012 NOR Drew Brees
99%
2011 NOR Drew Brees
99%
2008 NOR Drew Brees
99%
2006 NOR Drew Brees
99%
2013 DEN Peyton Manning
99%
2003 IND Peyton Manning
99%
2000 IND Peyton Manning
99%
2007 NE Tom Brady
98%
2005 NE Tom Brady
98%
2010 SD Philip Rivers
96%
1995 GB Brett Favre
95%
1998 GB Brett Farve
94%
2014 PIT Ben Roethlisberger
91%
1992 MIA Dan Marino
91%
1988 MIA Dan Marino
91%
1986 MIA Dan Marino
91%
1985 MIA Dan Marino
91%
1984 MIA Dan Marino
91%
2001 STL Kurt Warner
82%
1993 DEN John Elway
81%
1994 NE Drew Bledsoe
74%
1991 HOU Warren Moon
68%
1990 HOU Warren Moon
68%
2004 MIN Daunte Culpepper
66%
2002 OAK Rich Gannon
62%
1982 SD Dan Fouts
60%
1981 SD Dan Fouts
60%
1980 SD Dan Fouts
60%
2009 HOU Matt Schaub
34%
1989 GB Don Majkowski
20%
1999 CAR Steve Beuerlein
17%
1983 GB Lynn Dickey
16%
1996 JAX Mark Brunell
14%
1997 OAK Jeff George
13%
1987 STL Neil Lomax
13%
No matching quizzes found
Score Distribution
Percent of People with Each Score
Percentile by Number Answered
Your Score History
You have not taken this quiz